000 00427cam a22001451 4500
082 _a624.18341
_bDUN
_cL-19, P-34
100 1 _aDunham, Clarence W.
_926832
245 1 0 _aAdvanced reinforced concrete.
260 _aNew York,
_bMcGraw-Hill
_c[1964]
300 _a x, 468 p.
_billus.
_c24 cm.
526 _a0
_b0
_c0
_d624_183410000000000_DUN
650 0 _aMCE
_9379
650 0 _aReinforced concrete construction.
942 _2ddc
_cBK
999 _c547007
_d547007